Carregando...
The kite runner / by Khaled Hosseini
| Autor principal: | |
|---|---|
| Outros Autores: | |
| Formato: | Printed Book |
| Idioma: | English |
| Publicado em: |
New Delhi:
Bollmsbury,
c2003.
|
| coleção: | Bloom's guides.
|
| Assuntos: | |
| Acesso em linha: | http://www.loc.gov/catdir/toc/ecip0825/2008035050.html VIEW GRAPHIC NOVEL |
| LEADER | 02129cam a2200349 a 4500 | ||
|---|---|---|---|
| 008 | 080806s2009 nyu b 001 0 eng | ||
| 999 | |c 150400 |d 150400 | ||
| 010 | |a 2008035050 | ||
| 020 | |a 9781408850251 | ||
| 020 | |a 1604131993 (acidfree paper) | ||
| 035 | |a (OCoLC)ocn241305039 | ||
| 035 | |a (OCoLC)241305039 | ||
| 043 | |a a-af--- | ||
| 082 | 0 | 0 | |a 813/.6 |2 22 |
| 100 | |a Hosseini, Khaled | ||
| 245 | 0 | 0 | |a The kite runner / |c edited & with an introduction by Harold Bloom. |b by Khaled Hosseini |
| 260 | |a New Delhi: |b Bollmsbury, |c c2003. | ||
| 300 | |a 343 p. ; |c 22 cm. | ||
| 490 | 1 | |a Bloom's guides | |
| 504 | |a Includes bibliographical references (p. 78-82) and index. | ||
| 505 | 0 | |a David Kipen predicts an updraft -- Edward Hower on fierce cruelty and love -- Loyal Miles on the context for the examination of self -- Arley Loewen on redemption -- Mir Hekmatullah Sadat on Husseini's unveiling of Afghanistan -- Ronny Noor on some of the novel's limitations -- Meghan O'Rourke looks for middle ground -- Judi Slayden Hayes on visions of time -- Fatemeh Keshavarz on "new Orientalism" -- Shafiq Shamel on the novel's solution. | |
| 700 | 1 | |a Bloom, Harold. | |
| 856 | 4 | 1 | |u http://www.loc.gov/catdir/toc/ecip0825/2008035050.html |
| 856 | 4 | 1 | |u https://books.google.co.in/books?id=3xXJAwAAQBAJ&printsec=frontcover&dq=9781408850251&hl=en&sa=X&ved=0ahUKEwi7r8q266njAhUbQH0KHV-MCGQQ6AEIMTAB#v=onepage&q&f=false |3 VIEW GRAPHIC NOVEL |
| 942 | |c BK | ||
| 600 | 1 | 0 | |a Hosseini, Khaled. |t Kite runner. |
| 651 | 0 | |a Afghanistan |x In literature. | |
| 830 | 0 | |a Bloom's guides. | |
| 906 | |a 7 |b cbc |c orignew |d 1 |e ecip |f 20 |g y-gencatlg | ||
| 955 | |a lh39 2008-08-06 |i lh39 2008-08-06 |a xe10 2009-03-11 1 copy rec'd., to CIP ver. | ||
| 952 | |0 0 |1 0 |4 0 |6 813_600000000000000_HOS_K |7 0 |9 160746 |a MCJ |b MCJ |c ST1 |d 2015-11-12 |i 2989 |l 8 |m 2 |o 813.6 HOS/K |p MCJ2989 |q 2021-04-24 |r 2021-03-25 |s 2021-03-25 |w 2015-11-12 |y BK | ||
| 952 | |0 0 |1 0 |2 ddc |4 0 |6 813_600000000000000_HOS_K |7 0 |9 395105 |a LIS |b LIS |c ST1 |d 2019-09-26 |e The Book Shop, Publication Division, University of Calicut. |g 499.00 |i 4640 |l 2 |m 1 |o 813.6 HOS/K |p LIS4640 |r 2021-09-16 |s 2020-11-12 |v 499.00 |w 2019-09-26 |y BK | ||